FIVE GO OFF TO CAMP (Record no. 380847)

MARC details
000 -LEADER
fixed length control field 00366nam a2200157Ia 4500
008 - FIXED-LENGTH DATA ELEMENTS--GENERAL INFORMATION
fixed length control field 100122s9999 xx 000 0 und d
082 ## - DEWEY DECIMAL CLASSIFICATION NUMBER
Item number 67254
Classification number BM823.08
100 ## - MAIN ENTRY--PERSONAL NAME
Personal name BLYTON ENID
245 ## - TITLE STATEMENT
Title FIVE GO OFF TO CAMP
250 ## - EDITION STATEMENT
Edition statement 0
260 ## - PUBLICATION, DISTRIBUTION, ETC. (IMPRINT)
Name of publisher, distributor, etc KNIGFT
Date of publication, distribution, etc 1974
300 ## - PHYSICAL DESCRIPTION
Extent 184
630 ## - SUBJECT ADDED ENTRY--UNIFORM TITLE
Uniform title FIVE GO OFF TO CAMP
730 ## - ADDED ENTRY--UNIFORM TITLE
Uniform title FIVE GO OFF TO CAMP
942 ## - ADDED ENTRY ELEMENTS (KOHA)
Koha item type Book
Holdings
Withdrawn status Lost status Damaged status Not for loan Home library Current library Date acquired Cost, normal purchase price Total Checkouts Full call number Barcode Date last seen Cost, replacement price Price effective from Koha item type Public note
        S.V. Pathak Library, Vile Parle S.V. Pathak Library, Vile Parle 05/07/2005 50.00   67254 SVPPARLE-67254 01/25/2010 50.00 01/25/2010 Book ", , General, NA"